Welcome to the Holygrace Academy Library

Please use search bar below to get started

USHNARAASI (Record no. 4988)

MARC details
000 -LEADER
fixed length control field 00363nam a22001457a 4500
020 ## - INTERNATIONAL STANDARD BOOK NUMBER
ISBN 81-8423-488-0
082 ## - DEWEY DECIMAL CLASSIFICATION NUMBER
Classification number 894.812.3
Item number MOH/U
100 ## - MAIN ENTRY--AUTHOR NAME
Personal name MOHANKUMAR, K.V
245 ## - TITLE STATEMENT
Title USHNARAASI
Remainder of title 2018 VAYALAR AWARD NEDIYA KRITHI
Statement of responsibility, etc KARAPPURATHINTE ETHIHASAM
260 ## - PUBLICATION, DISTRIBUTION, ETC. (IMPRINT)
Place of publication THRISSUR
Name of publisher GREEN BOOKS
Year of publication 2018
300 ## - PHYSICAL DESCRIPTION
Number of Pages 448
520 ## - SUMMARY, ETC.
Summary, etc NOVEL
650 ## - SUBJECT ADDED ENTRY--TOPICAL TERM
Topical Term NOVEL
942 ## - ADDED ENTRY ELEMENTS (KOHA)
Koha item type Books
Holdings
Withdrawn status Lost status Collection code Home library Current library Shelving location Date acquired Source of acquisition Cost, normal purchase price Full call number Accession Number Koha item type
    Fiction Main Library Main Library SHELF-16- J- MALAYALAM NOVELS,FICTIONS 16/02/2019 Purchase 450.00 894.812.3 MOH/U 12302 Books